Statistics for Elements that Start with "A"

Click here to take the quiz!

General Stats

  • This quiz has been taken 119 times
  • The average score is 5 of 7

Answer Stats

Answer% Correct
Aluminium
89%
Argon
89%
Arsenic
83%
Americium
72%
Astatine
71%
Antimony
65%
Actinium
63%

Score Distribution

Percentile by Number Answered

Percent of People with Each Score

Your Score History

You have not taken this quiz